| 000 | 00445nam a2200181Ia 4500 | ||
|---|---|---|---|
| 001 | 2697 | ||
| 005 | 20260306144826.0 | ||
| 008 | 260306t2018||||xx |||||||||||||| ||spa|| | ||
| 041 | _aESP | ||
| 082 |
_a211.6 _bR56 |
||
| 100 |
_aRiechmann, Jorge _eAUT |
||
| 245 | 0 | _a¡Despertemos! propuestas para un humanismo descentrado | |
| 260 | _c2018 | ||
| 300 |
_a32 páginas : _c20 cm. |
||
| 650 | _aGEN | ||
| 654 | _aCHU | ||
| 942 |
_cLIB _dJUS _fJUS _2ddc _n |
||
| 999 |
_c2697 _d2697 |
||